Replanteo del informe de auditoría sobre los estados financieros (Registro nro. 16805)

Detalles MARC
000 -LEADER
fixed length control field 00391 a2200121 4500
001 - CONTROL NUMBER
control field ART_6786
005 - DATE AND TIME OF LATEST TRANSACTION
control field 20260410161719.0
008 - FIXED-LENGTH DATA ELEMENTS--GENERAL INFORMATION
fixed length control field 260409a
100 1# - MAIN ENTRY--PERSONAL NAME
Personal name Casal, Armando Miguel
245 10 - TITLE STATEMENT
Title Replanteo del informe de auditoría sobre los estados financieros
700 1# - ADDED ENTRY--PERSONAL NAME
Personal name Wainstein, Mario
773 0# - HOST ITEM ENTRY
Title Contabilidad y auditoría
Related parts - Año 1, Nº 1 (dic. 1995)
Record control number REV1723

No hay ítems disponibles.